Los materiales del lenguaje musical /

Guardado en:
Autor Principal: De Castro, Ricardo
Formato: Libro
Publicado: Buenos Aires : del Aula Taller, 2006
Materias:
Etiquetas: Agregar Etiqueta
Sin Etiquetas, Sea el primero en etiquetar este registro!
LEADER 00623nam a22002295a 4500
001 CEM.cems014789
008 130507s2006##################000#0#####d
005 20210805164759.0
003 CEMS
245 1 0 |a Los materiales del lenguaje musical /  |c Ricardo de Castro 
260 |a Buenos Aires :  |b del Aula Taller,  |c 2006 
300 |a 104 p. 
590 |a 1340.017 
020 |a 9871086172 
100 1 |a De Castro, Ricardo 
653 |a Musica 
653 |a Lenguaje musical 
653 |a Sonido 
653 |a Audición 
653 |a Fuentes sonoras 
653 |a Biblioteca TC 
859 |a CEMS  |b BIB. CEMS - 11 de abril  |h TC  |p 1340.017  |t Ej.1